[Event "SK Freising 1-SK Bruckmuehl 1"]
[Site "?"]
[Date "2024.12.01"]
[Round "4.5"]
[White "Zeindlmeier, Thomas"]
[Black "Gruettner, Ralf"]
[Result "1/2-1/2"]
[WhiteElo "1980"]
[BlackElo "2041"]
[Annotator "Stockfish 17"]
[PlyCount "49"]
[EventDate "2024.??.??"]
[WhiteTeam "SK Bruckmühl 1"]
[BlackTeam "SK Freising 1"]

{[%evp 17,49,-5,-4,-63,16,16,8,-11,55,59,45,53,55,39,42,-22,12,12,45,15,114,
119,88,16,25,-15,0,3,63,36,43,16,25,21]} 1. e4 e5 2. Nf3 Nc6 3. d4 exd4 4. Nxd4
Nf6 5. Nxc6 bxc6 6. e5 Qe7 7. Qe2 Nd5 8. c4 Ba6 9. Nd2 {[#]} g6 $1 10. Ne4 Qb4+
11. Kd1 $11 Bg7 12. f4 {[#]} O-O $1 13. Qd2 $14 Qxd2+ 14. Bxd2 Nb6 15. b3 d6
16. Bc3 Rad8 17. Kc2 Bc8 18. Bd3 dxe5 $6 (18... d5 $11) 19. fxe5 $16 Nd7 {[#]}
20. e6 ({Besser ist} 20. Nf6+ $1 $16 Bxf6 21. exf6) 20... fxe6 $11 21. Rhf1
Bxc3 22. Kxc3 Ne5 23. Be2 {[%mdl 1024]} Kg7 24. h3 Nf7 25. Nc5 1/2-1/2

[Event "SK Freising 1-SK Bruckmuehl 1"]
[Site "?"]
[Date "2024.12.01"]
[Round "4.6"]
[White "Paul, Franz Xaver"]
[Black "Stoffel, Matthias"]
[Result "0-1"]
[WhiteElo "1827"]
[BlackElo "1982"]
[Annotator "Stockfish 17"]
[PlyCount "80"]
[EventDate "2024.??.??"]
[WhiteTeam "SK Freising 1"]
[BlackTeam "SK Bruckmühl 1"]

{[%evp 9,79,75,75,74,74,56,66,47,84,67,75,90,89,12,98,15,24,25,33,-158,-165,
-152,-152,-165,-106,-229,-163,-268,-285,-262,-247,-256,-205,-232,-207,-206,
-195,-212,-197,-254,-183,-260,-222,-254,-257,-254,-258,-283,-267,-491,-495,
-488,-472,-443,-425,-435,-430,-420,-394,-414,-415,-441,-433,-439,-403,-470,
-455,-681,-652,-1058,-816,-29999]} 1. Nf3 c6 2. e4 Qc7 3. d4 d6 4. Bf4 Nf6 5.
Nbd2 g6 6. h3 Bg7 7. c3 O-O 8. a4 Nbd7 9. Bc4 e5 10. Bh2 Re8 $6 11. dxe5 (11.
O-O $16) 11... dxe5 (11... Nxe5 $11 12. Nxe5 dxe5) 12. Qb3 (12. Ng5 $16 Re7 13.
O-O) 12... Nc5 13. Qc2 Nh5 14. g3 $2 {ein seltsamer Fehler.} (14. O-O $14 {
bleibt weiter vorne.}) 14... Bxh3 $17 15. Ng5 Be6 16. Be2 Nf6 17. b4 $2 {[#]} (
17. Bg1 $17 {ist wohl besser.}) 17... h6 $1 18. Ngf3 (18. Nxe6 {war nötig.}
Nxe6 19. f3) 18... Ncd7 $19 19. Bc4 Bg4 20. Nh4 Nf8 21. f3 Be6 22. Bg1 Rad8 23.
Bb3 h5 24. a5 Bh6 25. Nf1 (25. Nc4 $142) 25... b6 26. Ng2 Bxb3 27. Qxb3 Rd3 28.
Nge3 Ne6 {[%cal Bf8e6,Be6d4,Bd4f3][%mdl 32]} 29. Rh2 $2 {[#]} (29. axb6 {
kämpft weiter.} axb6 30. Qc2) 29... Nd4 $1 {[%mdl 576] Doppelangriff,
Fesselung} 30. Qb1 Nxf3+ 31. Ke2 Nxh2 ({Weniger gut wäre} 31... Nxg1+ 32. Kxd3
Nf3 33. Rf2 $19) 32. Qxd3 {[#]} Rd8 $1 33. Qc2 Nhg4 34. axb6 axb6 35. Nc4 c5
36. bxc5 bxc5 ({Viel schwächer ist} 36... Qc6 37. Ncd2 $19) 37. Ra5 Qb7 38.
Kf3 {[#]} (38. Ncd2 $142) 38... Rd1 $3 {[%mdl 512]} 39. Qe2 {[#]} (39. Nce3
Bxe3) 39... Rxf1+ $1 {[%mdl 64] Ablenkung} 40. Qxf1 (40. Kg2 Nxe4) 40... Qxe4#
0-1

[Event "SK Freising 1-SK Bruckmuehl 1"]
[Site "?"]
[Date "2024.12.01"]
[Round "4.7"]
[White "Jaworek, Thomas"]
[Black "Mujdzic, Emir"]
[Result "0-1"]
[WhiteElo "1972"]
[BlackElo "1757"]
[Annotator "Stockfish 17"]
[PlyCount "62"]
[EventDate "2024.??.??"]
[WhiteTeam "SK Bruckmühl 1"]
[BlackTeam "SK Freising 1"]

{[%evp 11,62,31,28,31,57,39,91,36,118,67,59,-19,-16,-47,7,-29,-62,-71,-57,-191,
-216,-208,-205,-265,-232,-465,-103,-325,-324,-330,-316,-336,-309,-384,-361,
-437,-450,-467,-481,-422,-390,-383,-398,-913,-335,-337,-301,-963,-963,-1244,
-1091,-1770,-780]} 1. e4 c5 2. Nf3 e6 3. d4 cxd4 4. Nxd4 Nc6 5. Nc3 a6 6. Be3
Nf6 7. Qf3 d6 8. O-O-O Qc7 9. Qg3 Nh5 $6 (9... Bd7 $14) 10. Qh3 (10. Qh4 $1 $16
) 10... Nf6 11. Nb3 (11. Nxc6 $14 Qxc6 12. Be2) 11... b5 $11 12. f3 Bd7 13. Kb1
b4 14. Ne2 a5 {[%cal Ba6a5,Ba5a4][%mdl 32]} 15. Rd2 ({Günstiger ist} 15. g4
$15) 15... a4 $1 $19 16. Nbc1 Ne5 $40 {der schwarze Angriff ist mehr als
spürbar} 17. Nd4 a3 $1 {Droht stark ...axb2.} 18. bxa3 $2 (18. Nb5 Qb8 19. c4
axb2 20. Rxb2 $19 {ist für Weiß auch recht problematisch}) 18... Qa5 $2 (
18... bxa3 $2 19. Ndb3 $19) (18... Qc3 $19 {entscheidet sofort} 19. axb4 Qxe3)
19. Ncb3 $2 (19. Ndb3 $17 Qxa3 20. g4 {Weiß muß etwas inszenieren}) 19...
Qxa3 20. c4 bxc3 21. Rc2 Qb4 22. Be2 d5 23. Bc1 Bc5 24. Rd1 O-O {...Tfb8 ist
eine echte Drohung.} 25. Qg3 Nc6 {[%cal Rc5d4]} 26. Nxc6 Bxc6 27. e5 $2 {[#]} (
27. Qe5 Rxa2 28. Qxc3 Rxc2 29. Qxb4 Bxb4 30. Kxc2) 27... Nh5 $2 (27... Rxa2 $3
{[%mdl 512]} 28. Rb2 Rxb2+ 29. Bxb2 Qxb3 {[%mdl 64] Fesselung} 30. Rd2 cxd2 31.
Qf4 {[#]} Be3 $1 32. Qxe3 Qxe3 33. Bd1 Qd3+ 34. Ka1 Ra8+ 35. Ba4 d1=Q+ {
[%mdl 64] Doppelangriff} 36. Bc1 Rxa4+ 37. Kb2 Q3c2#) 28. Qg4 {[#] Weiss plant
Dxb4.} d4 $1 29. Qxh5 $2 {[#]} (29. Rxd4 Bxd4 30. Qxd4 Qxd4 31. Nxd4) 29...
Rxa2 $3 {[%mdl 576] Verteidiger eliminieren. Schwarz steht klar auf Gewinn.}
30. Rxa2 (30. Rb2 cxb2) 30... Qxb3+ 31. Ka1 c2 (31... Bd5 $142 32. Qxh7+ Kxh7
33. Rdd2 cxd2 34. Bd3+ g6 35. Bxg6+ fxg6 36. Rxd2 Ra8+ 37. Ba3 Rxa3+ 38. Ra2
Rxa2#) 0-1

[Event "SK Freising 1-SK Bruckmuehl 1"]
[Site "?"]
[Date "2024.12.01"]
[Round "4.8"]
[White "Trapp, Robert"]
[Black "Mazatis, Benjamin"]
[Result "0-1"]
[WhiteElo "1862"]
[BlackElo "1848"]
[Annotator "Stockfish 17"]
[PlyCount "122"]
[EventDate "2024.??.??"]
[WhiteTeam "SK Freising 1"]
[BlackTeam "SK Bruckmühl 1"]

{[%evp 10,122,-37,-36,-35,-36,-30,-31,-11,-36,-35,-73,-79,-91,-71,-71,-6,-14,
-12,-31,-4,-10,0,-27,-30,-28,-13,-61,-65,-57,-16,-128,-126,-114,-21,-19,-19,
-63,-33,-203,-34,-28,-22,-33,-27,-49,-58,-58,-57,-71,-66,-77,-37,-75,-68,-66,
-17,-83,-10,-17,-16,-17,-20,-19,-18,-15,-3,-17,-24,-18,-10,-20,-16,-20,-13,-16,
-16,-17,-13,-26,16,-32,-4,-60,-31,-27,-31,-114,-108,-97,-100,-224,-214,-450,
-445,-460,-459,-453,-448,-435,-408,-657,-651,-682,-658,-681,-633,-759,-739,
-737,-734,-728,-691,-29992,-29993]} 1. f4 d5 2. Nf3 Nf6 3. e3 Bf5 4. b3 e6 5.
Bb2 Be7 6. Be2 h6 7. O-O O-O 8. Ne5 Nfd7 9. Nxd7 Nxd7 10. d4 c5 11. Bd3 Bxd3
12. Qxd3 f5 (12... Qa5 $17) 13. Nd2 Rc8 14. c4 Nf6 15. Rfd1 Qb6 16. cxd5 Nxd5
17. Nc4 Qa6 18. Ne5 Qxd3 19. Rxd3 Bd6 20. Nd7 $2 (20. Nc4 $11 {hält das
Gleichgewicht.} Be7 21. a4) 20... Rfd8 $17 21. Nxc5 Bxc5 (21... b6 $17 22. Nb7
(22. Nxe6 $2 Re8 $19) 22... Rd7 23. Nxd6 Rxd6) 22. dxc5 $11 Rxc5 23. Bd4 Rc6
24. a3 $2 {[#]} (24. Rad1 $15) 24... a6 $2 (24... Nxe3 $1 $19 {[%mdl 512] war
ein schöner Zug} 25. Rxe3 (25. Rd2 Nc2) 25... Rxd4) 25. Rad1 $15 Rdc8 26. Kf2
g5 27. g3 g4 28. R3d2 Kf7 29. Ke2 h5 30. b4 Ke8 31. Ke1 Rc4 32. Ke2 Rc2 33. Kd3
Rc1 (33... R2c4 $17) 34. Rxc1 Rxc1 $11 {[%mdl 4096] Endspiel KTL-KTS} 35. e4
fxe4+ 36. Kxe4 Re1+ 37. Kd3 Rf1 38. Ke2 Rh1 39. Kd3 Rf1 40. Ke2 Rc1 {man
könnte auch Remis geben} 41. Kd3 Re1 42. Re2 Rd1+ 43. Rd2 Rb1 44. Bb2 h4 45.
Kd4 h3 46. Re2 Kf7 47. f5 Nc7 48. Ke5 $2 ({Besser ist} 48. Rd2 $15) 48... Rf1
$17 49. fxe6+ Nxe6 50. Bc3 $2 {[#]} (50. Kd6 $17 {war angesagt.}) 50... Ng5 $1
$19 51. Bd4 $2 (51. a4 {war nötig.}) 51... Nf3+ {es geht rasant bergab} 52.
Ke4 Re1 53. Rxe1 Nxe1 {KL-KS} 54. Kf4 Nf3 {[%mdl 64] Doppelangriff} 55. Bb6 (
55. Bg1 $142) 55... Nxh2 56. Ke3 Ke6 57. a4 Kd5 58. a5 Kc4 59. Bc5 Nf3 60. Kf2
Ne5 {Und ...Sd3+ würde nun gewinnen.} 61. Ke2 h2 0-1

[Event "SV Deggendorf 2-SK Neuburg 1"]
[Site "?"]
[Date "2024.12.01"]
[Round "4.1"]
[White "Sailer, Wolfgang"]
[Black "Wisnet, Dominic"]
[Result "0-1"]
[WhiteElo "2105"]
[BlackElo "2287"]
[Annotator "Stockfish 17"]
[PlyCount "92"]
[EventDate "2024.??.??"]
[WhiteTeam "SK Neuburg 1"]
[BlackTeam "SV Deggendorf 2"]

{[%evp 15,92,52,81,53,50,62,80,55,109,9,48,60,38,12,41,-12,137,127,128,120,154,
155,161,144,162,188,288,227,428,223,367,369,287,34,38,0,47,57,326,312,388,381,
374,366,625,374,379,243,264,277,246,-71,-15,-16,-21,-26,-32,-266,-236,-254,
-247,-224,-193,-350,-345,-333,-328,-321,-320,-316,-322,-343,-344,-401,-393,
-407,-400,-409,-406]} 1. e4 c5 2. Nf3 d6 3. d4 cxd4 4. Nxd4 Nf6 5. Nc3 a6 6.
Be3 Qc7 {an der Stelle sind auch etliche andere Fortsetzungen gängig} (6... e5
7. Nb3 Be6 8. Qd2 Nbd7 9. f3 b5) (6... e6 7. f3 b5 8. Qd2 Nbd7) 7. f3 e6 8. Qd2
(8. g4 b5 9. g5 Nfd7 10. h4 Nb6 11. a4 b4 12. a5 bxc3 13. axb6 Qxb6 14. bxc3 {
Gipslis,A-Beliavsky,A USSR 1976}) 8... b5 9. a3 (9. g4 Bb7 10. O-O-O Nc6 11. g5
Nd7 12. Nxc6 Qxc6 13. Kb1 Be7 14. h4 $16 {Schlosser,M 2365 - Sommerbauer,N
2385 AUT-cg 1995}) 9... Bb7 10. g4 h6 11. h4 Nc6 ({möglich ist auch der
Vorstoß} 11... d5 12. O-O-O Nc6 13. g5 hxg5 14. Bxb5 $5 axb5 15. Ndxb5 $14)
12. Bh3 (12. O-O-O Ne5 $6 (12... d5 $142 13. g5 hxg5 14. Bxb5 axb5 15. Ndxb5
$14) 13. Rg1 g6 14. g5 hxg5 15. hxg5 Nh5 $2 (15... Nfd7 $16) 16. f4 $18 {
Zaltz,D 2260 - Rotman,D 2345 ISR-ch Jerusalem 1996}) 12... Ne5 $11 13. O-O-O
Nc4 14. Qf2 Rc8 (14... Nxe3 15. Qxe3 $11) 15. g5 {[#]} Nxb2 {eine Idee, die
nicht so gut läuft, wie erhofft} (15... b4 $1 16. Nb1 (16. axb4 Nxb2 $5 17.
Bd2 Nxd1 18. Kxd1 hxg5 19. hxg5 $13) 16... Nxe4 17. fxe4 Bxe4 18. axb4 Nxe3 19.
Nc3 Nxd1 20. Rxd1 $11) 16. Kxb2 $16 Qxc3+ 17. Kb1 {Td3 ist eine echte Drohung.}
Nxe4 $2 {zu euphorisch} (17... hxg5 18. hxg5 Nd7 19. g6 $5 Rxh3 $1 20. Rxh3
Qxa3 $16 {war zu beachten} 21. Bc1 Qb4+ 22. Nb3 Ne5 $16) 18. fxe4 Bxe4 19. Rhf1
$1 Rc7 20. Bg2 $1 {[%cal Rg2e4] und Weiß liegt deutlich vorne + 2.15} Bh7 (
20... d5 {ist eine bessere Verteidigung.} 21. Bc1 (21. Bxe4 Bxa3 22. Bc1 Bxc1
$11) 21... Bxa3 22. Bxa3 Qxa3) 21. Bc1 (21. Bc6+ $1 Kd8 22. Bd2 Qxa3 23. Qe1
$18) 21... hxg5 $2 {[#]} (21... d5 {ist wohl besser.}) 22. hxg5 (22. Bc6+ $142
$1 {[%mdl 512]} Kd8 23. Nxe6+ $1 {[%mdl 512]} Kc8 24. Nxc7 {ist ein klarer
Gewinn}) 22... b4 (22... Bg6 $142 23. Rde1 d5) 23. Bb2 $18 Qc4 {[#] Und ...
bxa3 würde nun gewinnen.} 24. Qf3 {vergibt den Vorteil} (24. Bc6+ $1 $18 {
[%mdl 512] dieser starke Zug wird mehrmals ausgelassen} Kd8 ({sonst} 24... Rxc6
$2 25. Qxf7+ Kd8 26. Nxe6+) 25. axb4) 24... d5 $14 {Droht ... bxa3 und aus.}
25. axb4 Bxb4 26. Rf2 {zielt auf Th1 ab.} Rb7 $2 {[%mdl 8192]} (26... Bc3 27.
Bxc3 Qxc3 28. Qxc3 Rxc3 29. Kb2 Rg3 $11 {mit sehr ausgeglichenen Chancen}) 27.
Bf1 $1 $18 Qc7 28. Bxa6 Rb6 29. Bb5+ Kf8 $2 (29... Kd8 30. Rh1 Kc8) 30. Rdf1 {
[%cal Rf3f7] reicht auch noch zum Gewinn} (30. Nxe6+ $3 Rxe6 31. Qxd5 {gewann
klar}) 30... Kg8 {Jetzt ...Lg6 und Schwarz darf weiter klammern.} 31. Bd3 (31.
Qb3 $1 Bg6 32. Qxb4 Rh4 $18) 31... Bc5 {[#]} 32. Bxh7+ $1 (32. Nb5 Rxb5 33.
Bxb5 Bxf2 $16) 32... Rxh7 33. Qd3 $2 (33. Qxf7+ $18 Qxf7 34. Rxf7 Rxb2+ {
[%mdl 64] Verteidiger eliminieren} 35. Kxb2 Bxd4+ 36. Kb1 {Weiß gewinnt})
33... Rxb2+ (33... Qb8 34. Nb3 Bxf2 $15 35. g6 (35. Rxf2 Rh1+ 36. Rf1 Rxf1+ 37.
Qxf1 e5 $36)) 34. Kxb2 Qb6+ {das Spiel ist sehr ausgeglichen  0.00} 35. Kc1
Bxd4 {das Spiel ist in der Remisbreite} 36. Rxf7 $2 {ein Fehler, der Schwarz
Gewinnchancen gibt} (36. g6 $1 $15 Bxf2 37. gxf7+ Kf8 38. Qxh7 Qe3+ 39. Kd1 (
39. Kb1 Qb6+ 40. Kc1 Qe3+ 41. Kd1 Qf3+ 42. Kc1 Qf4+ 43. Kd1 Qf3+ 44. Kd2 Qf4+
45. Ke2 Qe3+ 46. Kd1 Qf3+ $11) 39... Qf3+ 40. Kd2 Qf4+ 41. Ke2 Qe3+ 42. Kd1
Qf3+ 43. Kd2 Qf4+ 44. Ke2 Qe3+ 45. Kd1) 36... Qb2+ $19 37. Kd1 {[%csl Gf1]
[%cal Rf7f8]} Qa1+ 38. Ke2 {[%csl Gf1][%cal Rf7f8]} Rh2+ $19 39. R7f2 $2 (39.
Kf3 Qa4 $19 40. Rf8+ {[%mdl 64] Hinlenkung} Kxf8 41. Kg3+ Rf2 42. Rxf2+ Bxf2+
43. Kxf2) 39... Rxf2+ 40. Rxf2 Bxf2 41. Kxf2 {[%mdl 4096] Endspiel KD-KD} Qe5
42. g6 Kf8 43. Qa3+ Ke8 44. Qa8+ Ke7 {Schwarz steht auf Gewinn.} 45. Qb7+ Kf6
46. Qf7+ Kg5 0-1

[Event "SV Deggendorf 2-SK Neuburg 1"]
[Site "?"]
[Date "2024.12.01"]
[Round "4.2"]
[White "Kuznecovs, Nikita"]
[Black "Wurzel, Andre"]
[Result "1-0"]
[WhiteElo "2260"]
[BlackElo "2101"]
[Annotator "Stockfish 17"]
[PlyCount "59"]
[EventDate "2024.??.??"]
[WhiteTeam "SV Deggendorf 2"]
[BlackTeam "SK Neuburg 1"]

{[%evp 10,59,28,2,13,-3,72,72,65,66,99,72,89,84,85,86,105,93,105,103,108,90,94,
60,107,28,94,95,122,121,105,105,129,108,102,31,31,-23,189,64,198,193,184,170,
330,321,317,321,486,460,721,702]} 1. Nf3 d5 2. c4 e6 3. g3 Nf6 4. Bg2 Be7 5.
O-O O-O 6. d3 b6 7. e4 c6 $6 (7... dxe4 $11 {hält das Gleichgewicht.} 8. dxe4
Qxd1 9. Rxd1 Bb7) 8. Nc3 $16 Bb7 9. e5 Nfd7 10. Qe2 Na6 11. Bf4 Nc7 12. h4 b5
13. cxb5 Nxb5 14. Nxb5 cxb5 15. h5 h6 16. g4 (16. d4 $16) 16... b4 $6 {[#]} 17.
Qe3 (17. d4 $142 $1 $16) 17... Ba6 (17... Nc5 $11) 18. Rfc1 Qb6 {[#]} 19. d4
$16 Rfc8 20. g5 hxg5 21. Bxg5 Qd8 22. Qf4 (22. Kh2 $16) 22... Be2 $14 23. Re1
Bd3 $2 (23... Rc2 $11) 24. h6 (24. Re3 $1 $18 Bf5 25. Bxe7 Qxe7 26. Nh4) 24...
Bxg5 $2 (24... Nf8 $1 $14) 25. Nxg5 $18 Qe7 26. Re3 Bf5 (26... Bg6 {kämpft
weiter.}) 27. hxg7 Kxg7 {[#]} 28. Bxd5 $1 {[%mdl 576] Ablenkung} exd5 (28...
Nf8 $142 29. Bxa8 Ng6 30. Nxe6+ fxe6) 29. Qxf5 {Beabsichtigt Dh7+ und Matt.}
Rg8 (29... Nf8 $142 30. Rh3 Rc6 31. Rh7+ Kg8 32. Rxf7 Qxg5+ {[%mdl 64]
Verteidiger eliminieren} 33. Qxg5+ Kxf7 34. Qh5+ Rg6+ 35. Kf1 Ne6 36. Qh7+ Rg7
37. Qf5+ Ke7 38. Qf6+ Kd7) 30. Rg3 $1 1-0

[Event "SV Deggendorf 2-SK Neuburg 1"]
[Site "?"]
[Date "2024.12.01"]
[Round "4.3"]
[White "Foerch, Benedikt"]
[Black "Firlbeck, Hubert"]
[Result "1/2-1/2"]
[WhiteElo "2104"]
[BlackElo "2039"]
[Annotator "Stockfish 17"]
[PlyCount "153"]
[EventDate "2024.??.??"]
[WhiteTeam "SK Neuburg 1"]
[BlackTeam "SV Deggendorf 2"]

{[%evp 11,153,31,31,23,29,27,103,79,143,131,131,88,140,139,121,63,65,63,55,44,
42,38,38,30,39,32,47,21,35,-34,103,0,0,0,0,0,0,0,0,-48,-50,-54,-61,-52,9,9,57,
58,82,48,34,8,33,23,23,22,29,34,44,44,42,45,264,263,258,268,251,250,244,228,
237,228,168,23,32,27,31,6,6,0,0,0,0,0,1,0,0,0,0,0,0,0,1,0,0,0,3,0,0,0,0,0,0,0,
0,0,0,0,0,0,0,0,1,0,0,0,0,0,0,4,21,0,0,0,0,0,0,0,0,0,0,0,0,0,0,0,0,0,0,0,0,0,0,
0]} 1. d4 f5 2. Nf3 e6 3. g3 Nf6 4. Bg2 d5 5. O-O Bd6 6. b3 {[%cal Bb2b3,Bb3c4,
Bc4c5][%mdl 32]} (6. c4 c6 7. b3 Qe7 {ist ein noch gut bekannter Aufbau} 8. a4
(8. Bb2 b6 9. Nbd2 Bb7 10. Ne5 O-O 11. Rc1 a5 12. a4 {Ibragimov,I-Shabalov,A
NY op 1998}) 8... a5 9. Ba3 Bxa3 10. Nxa3 O-O 11. Nc2 {Sokolov,I-Salov,V NY
Cits 1996}) 6... Qe7 7. a4 {[%cal Ba2a4,Ba4a5][%mdl 32]} b6 8. a5 b5 $6 (8...
Ne4 $11) 9. c4 $1 $16 bxc4 $6 (9... c6 $142) 10. bxc4 {Droht c5 und aus.} c6
11. Ba3 $16 O-O 12. Ne5 Ba6 13. Re1 (13. Qa4 $142 $1 Bxa3 14. Nxa3 Ne4 15. Rac1
$16) 13... Rc8 14. Bxd6 Qxd6 15. c5 Qc7 16. Nd2 {[%cal Bb1d2,Bd2f3,Bf3e5][%mdl
32]} Nbd7 17. Ndf3 $11 (17. Nd3 $5) 17... Nxe5 18. Nxe5 Rab8 19. e3 $11 {
die Stellung ist sehr ausgeglichen} Rb2 20. Qa4 (20. Bf1 $14 Bxf1 21. Rxf1)
20... Ne4 21. f3 (21. Bxe4 $16 fxe4 22. Reb1) 21... Nd2 $11 22. Ra2 Bb5 23. Qa3
Rb3 24. Qc1 Nc4 25. Nxc4 $6 {so erreicht er keinen Vorteil} (25. Qd1 $5 {
[%cal Rd1b3]} Rc3 26. Qa1 $11) 25... Bxc4 26. Bf1 Bxf1 27. Rxf1 a6 28. e4 Rb4 (
{Doch nicht} 28... dxe4 29. fxe4 (29. Qc4 Rxf3 30. Rxf3 exf3 $14) 29... Rb4 30.
Qc3 $14 (30. exf5 exf5 31. Qe1 Rxd4 $14)) 29. exd5 exd5 30. Qe3 Qf7 31. Re1 Qf6
32. Rd2 h6 33. Qe7 Qxe7 34. Rxe7 {[%mdl 4096] Endspiel KTT-KTT} Ra4 35. Rb2
Rxd4 36. Rbb7 Rd2 $2 {[#]} (36... Kh8 $1 $14) 37. Rxg7+ $18 {das Spiel auf der
7.Reihe könnte man genauer verfolgen} Kh8 38. Rh7+ Kg8 39. Rbg7+ ({Und nicht} 
39. Rxh6 Re8 $11) 39... Kf8 40. Rf7+ (40. Ra7 Kg8 41. Rag7+ Kf8 42. Rg6 Rb8 43.
Rh8+ Kf7 44. Rxb8 Kxg6 45. Rb6 $18) 40... Kg8 41. Rfg7+ Kf8 {[#]} 42. Rh8+ {
so erreicht er kaum etwas} (42. Rg6 $1 $18 Re8 43. Rh8+ Kf7 44. Rxe8 Kxg6 45.
Re6+ Kg5 46. Rxc6 {war ein Weg zm Gewinn}) 42... Kxg7 $11 43. Rxc8 {KT-KT} Ra2
$1 ({Nicht} 43... Rd1+ $2 44. Kf2 $18) 44. Rxc6 Rxa5 {Die Stellung ist
ausgeglichen.} 45. Kf2 {Schwarz muss nun Ke3 beachten.} d4 46. Ke2 Ra3 47. Rd6
Rc3 48. Rxd4 {zielt auf Td5 ab.} (48. c6 {fühlt sich spannender an.} a5 49.
Kd2 h5 50. Rxd4 Rxc6 51. Rd5) 48... Rxc5 49. Rd7+ Kg8 50. Ke3 a5 51. Ra7 Rb5
52. Kf4 Rc5 53. Rb7 Rd5 54. h3 Rc5 55. Ra7 Rb5 56. g4 fxg4 57. hxg4 Rc5 58. Rb7
Rd5 59. Ke4 Rg5 60. Ra7 Kf8 61. Rh7 Rg6 62. Ra7 Rg5 63. Ke3 Kg8 64. Ke4 Kf8 65.
Rb7 Kg8 66. Rb1 Kh7 67. Rb6 Rg6 68. Rb7+ Rg7 69. Rxg7+ Kxg7 {KBB-KBB} 70. f4 a4
71. Kd4 Kg6 (71... a3 $5 72. Kc3 $8 h5 73. gxh5 Kh6 $11) 72. f5+ Kg5 73. Kc4 h5
74. f6 Kxf6 75. gxh5 Kg5 76. Kb4 Kxh5 77. Kxa4 1/2-1/2

[Event "SV Deggendorf 2-SK Neuburg 1"]
[Site "?"]
[Date "2024.12.01"]
[Round "4.4"]
[White "Tauber, Rainer"]
[Black "Holl, Andreas"]
[Result "1/2-1/2"]
[WhiteElo "1982"]
[BlackElo "2071"]
[Annotator "Stockfish 17"]
[PlyCount "48"]
[EventDate "2024.??.??"]
[WhiteTeam "SV Deggendorf 2"]
[BlackTeam "SK Neuburg 1"]

{[%evp 12,48,-55,-55,-59,-59,-47,-56,-50,-52,-18,-38,31,29,27,25,87,83,83,88,
103,64,137,82,84,85,105,104,101,102,133,92,178,134,145,103,192,0,133]} 1. e4 c5
2. c3 d5 3. d3 Nc6 4. Be2 $15 {gewiß kein scharfes Spiel, mit dem man den
Schwarzen in Verlegenheit bringt} (4. Nd2 g6 5. Ngf3 Bg7 6. Be2 e6 7. Rb1 Nge7
{Hickl,J-Tiviakov,S Cakcutta op 1994}) 4... Nf6 5. Nd2 e5 6. Ngf3 Be7 7. O-O
O-O 8. a3 Qc7 9. b4 {[%cal Bb2b4,Bb4b5][%mdl 32]} Rd8 $15 {[%cal Rc5b4]} 10.
Qc2 Bg4 $11 {[%cal Rc5b4]} 11. Re1 Rac8 (11... cxb4 $142 $15 12. cxb4 Rac8) 12.
b5 $14 Na5 13. c4 dxc4 $6 (13... d4 $11) 14. dxc4 $16 b6 15. Bb2 Bd6 16. Nf1 (
16. a4 Re8 17. Nh4 Bxe2 18. Rxe2 $16) 16... Bh5 $6 (16... Bxf3 $14 17. Bxf3 Qe7
) 17. Nh4 Bxe2 18. Rxe2 Bf8 19. Nf3 $16 {Weiß hat insgesamt die besseren
Perspektiven} Rd4 {[#]} 20. Ne3 ({Ein No Go ist} 20. Nxd4 $6 cxd4 21. Nd2 Nd7
$11) 20... Qb8 21. Nd2 ({Und nicht} 21. Nxd4 cxd4 22. Nf1 Nxc4 $15) 21... Rdd8
$2 (21... g6 $16) 22. Nf3 $16 (22. Nd5 $1 {+ 2.00 ist ein bedeutender Vorteil,
mit dem man arbeiten kann}) 22... Rd4 23. Nd2 ({Schlechter ist} 23. Nxd4 cxd4
24. Nf1 Nxc4 $15) 23... Rdd8 $2 (23... g6 $16) 24. Nf3 ({die Stärke von} 24.
Nd5 {wird außer Acht gelassen.}) 24... Rd4 $1 1/2-1/2

[Event "SV Deggendorf 2-SK Neuburg 1"]
[Site "?"]
[Date "2024.12.01"]
[Round "4.5"]
[White "Heppert, Lars"]
[Black "Doerfler, Guenther"]
[Result "0-1"]
[WhiteElo "1931"]
[BlackElo "1973"]
[Annotator "Stockfish 17"]
[PlyCount "92"]
[EventDate "2024.??.??"]
[WhiteTeam "SK Neuburg 1"]
[BlackTeam "SV Deggendorf 2"]

{[%evp 12,92,22,12,20,19,52,54,62,16,27,15,11,-15,-9,-28,-25,-26,-19,-17,-15,
-42,-35,-31,-21,-12,-2,-44,-37,-55,-55,-389,-417,-394,-407,-379,-361,-379,-339,
-379,-374,-376,-374,-369,-340,-374,-336,-427,-422,-442,-375,-421,-414,-412,
-407,-453,-428,-450,-450,-446,-453,-486,-469,-542,-543,-627,-583,-607,-607,
-865,-605,-567,-574,-584,-575,-562,-556,-750,-675,-852,-860,-802,-774]} 1. Nf3
Nf6 2. c4 c6 3. Nc3 d5 4. e3 g6 5. b3 Bg7 6. Bb2 O-O 7. Be2 Nbd7 8. d4 e6 9.
O-O $14 b6 10. cxd5 exd5 11. Rc1 Bb7 12. Nd2 Re8 13. Bf3 Rc8 14. b4 Qe7 15. Qb3
b5 16. a4 $6 a6 17. a5 Bf8 18. Ba3 $11 Bh6 19. Rfe1 Nf8 {[%cal Bd7f8,Bf8e6,
Be6d4][%mdl 32]} 20. Rc2 $6 Ne6 $1 {[#] zielt auf ...Sxd4! ab.} 21. g3 $4 {
[%mdl 8192] ein sehr grobes Übersehen, das die Partie denn auch sofort
verliert[#]} (21. Ne2 Rc7 $15) 21... Nxd4 $1 $19 {[%mdl 512]} 22. exd4 Qxe1+ {
[%mdl 64] Doppelangriff} 23. Nf1 Qe7 24. Kg2 Rc7 25. h3 Bc8 26. Bc1 Bxc1 27.
Rxc1 Bf5 28. Nd2 h5 29. Qa3 Qe6 30. Rh1 Be4 31. Bxe4 dxe4 ({Schwächer ist} 
31... Nxe4 32. Ncxe4 dxe4 33. Qe3 $19) 32. Re1 Qf5 33. Re3 Nd5 {Schwarz steht
klar auf Gewinn.} 34. Rxe4 Rxe4 35. Ncxe4 Re7 36. f3 Qe6 37. Nf1 f5 38. Nf2 Qe2
39. Qc1 Nxb4 {[#] Droht stark ...Sd3.} 40. Qg5 Kg7 {Droht ...Sd3 und aus.} 41.
Kg1 Nd5 42. g4 fxg4 43. fxg4 Rf7 44. Qh4 hxg4 45. hxg4 Ne3 46. Nxe3 Qxe3 {
Gewichteter Fehlerwert: Weiß=0.60/Schwarz=0.16 1 grober Fehler von Weiß
genügte zum Verlust} 0-1